00600nam a2200121 a 450000100100000000500170001000800410002704000250006808200160009324502970010926000500040630000220045600002951020200930055613.0091123s1959 dr c 001 s spa d aDO-SdBNPbspacBNPHU axxxxbD611g00aDiscurso pronunciado por el generalísimo Rafael Leónidas Trujillo Molina benefactor de la patria y padre de la patria nueva, en la inaguración del moderno hospital "Miguel Brioso Bustillos" en la Base Aérea "Presidente Trujillo" de San Isidro, el 28 de diciembre de 1958 :b1538-1938. aCiudad Trujillo :bEditora del Caribe,c1959. a12 P. : ;c23 cm.